Statistics for Soft Drinks Brand Quiz

Click here to take the quiz!

General Stats

  • This quiz has been taken 484 times
  • The average score is 12 of 16

Answer Stats

Answer% Correct
Coca-Cola
97%
Pepsi
97%
Monster
96%
Sprite
95%
Red Bull
93%
Fanta
91%
Mountain Dew
90%
Dr. Pepper
88%
Gatorade
88%
AriZona
74%
Sunkist
66%
Crush
64%
Schweppes
49%
Snapple
47%
Sierra Mist
45%
Barq's
37%

Score Distribution

Percentile by Number Answered

Percent of People with Each Score

Your Score History

You have not taken this quiz